[Event "Stay Safe Play From Home 406"]
[Site "Emanuel Lasker Arena"]
[Date "2020.08.24"]
[Round "2"]
[White "Tran Minh Thang"]
[Black "MihailoVujic"]
[Result "1-0"]
[WhiteElo "2451"]
[BlackElo "2249"]
[PlyCount "83"]
[EventDate "2020.08.24"]
[EventType "swiss (blitz)"]

1. Nf3 {[%emt 0:00:03]} Nc6 {[%emt 0:00:02]} 2. e3 {[%emt 0:00:01]} e5 {[%emt 0:00:01]} 3. d4 {[%emt 0:00:00]} e4 {[%emt 0:00:01]} 4. Nfd2 {[%emt 0:00:00]} f5 {[%emt 0:00:01]} 5. c4 {[%emt 0:00:01]} Nf6 {[%emt 0:00:00]} 6. Nc3 {[%emt 0:00:01]} d5 {[%emt 0:00:01]} 7. cxd5 {[%emt 0:00:01]} Nxd5 {[%emt 0:00:01]} 8. Nxd5 {[%emt 0:00:01]} Qxd5 {[%emt 0:00:01]} 9. Bc4 {[%emt 0:00:00]} Qd6 {[%emt 0:00:01]} 10. O-O {[%emt 0:00:01]} Be6 {[%emt 0:00:00]} 11. b3 {[%emt 0:00:08]} O-O-O {[%emt 0:00:02]} 12. Bb2 {[%emt 0:00:03]} Bd5 {[%emt 0:00:04]} 13. a4 {[%emt 0:00:02]} Qe6 {[%emt 0:00:02]} 14. Qc2 {[%emt 0:00:03]} Bb4 {[%emt 0:00:03]} 15. Rfc1 {[%emt 0:00:02]} Kb8 {[%emt 0:00:02]} 16. Bc3 {[%emt 0:00:01]} Bd6 {[%emt 0:00:01]} 17. Rcb1 {[%emt 0:00:03]} f4 {[%emt 0:00:02]} 18. Bxd5 {[%emt 0:00:02]} Qxd5 {[%emt 0:00:02]} 19. Qxe4 {[%emt 0:00:01]} Qh5 {[%emt 0:00:01]} 20. Qf3 {[%emt 0:00:04]} Qxf3 {[%emt 0:00:03]} 21. Nxf3 {[%emt 0:00:01]} fxe3 {[%emt 0:00:00]} 22. fxe3 {[%emt 0:00:00]} Rhe8 {[%emt 0:00:01]} 23. Re1 {[%emt 0:00:01]} Ne7 {[%emt 0:00:01]} 24. e4 {[%emt 0:00:01]} Bf4 {[%emt 0:00:01]} 25. g3 {[%emt 0:00:01]} Bh6 {[%emt 0:00:01]} 26. d5 {[%emt 0:00:01]} Ng6 {[%emt 0:00:01]} 27. Nd4 {[%emt 0:00:02]} Ne5 {[%emt 0:00:01]} 28. Kg2 {[%emt 0:00:01]} g6 {[%emt 0:00:01]} 29. Ne6 {[%emt 0:00:01]} Rxe6 {[%emt 0:00:03]} 30. dxe6 {[%emt 0:00:00]} Nc6 {[%emt 0:00:01]} 31. Rad1 {[%emt 0:00:01]} Re8 {[%emt 0:00:00]} 32. b4 {[%emt 0:00:01]} Rxe6 {[%emt 0:00:04]} 33. b5 {[%emt 0:00:01]} Ne7 {[%emt 0:00:01]} 34. Rd8+ {[%emt 0:00:01]} Nc8 {[%emt 0:00:00]} 35. e5 {[%emt 0:00:00]} b6 {[%emt 0:00:01]} 36. Rd7 {[%emt 0:00:01]} Re7 {[%emt 0:00:02]} 37. e6 {[%emt 0:00:00]} Kb7 {[%emt 0:00:01]} 38. Rxe7 {[%emt 0:00:00]} Nxe7 {[%emt 0:00:01]} 39. Bf6 {[%emt 0:00:00]} Nd5 {[%emt 0:00:00]} 40. Bd8 {[%emt 0:00:01]} Bf8 {[%emt 0:00:02]} 41. e7 {[%emt 0:00:01]} Bxe7 {[%emt 0:00:01]} 42. Bxe7 {[%emt 0:00:00] Time Time Time (Lag: Av=0.99s, max=2.4s) (Lag: Av=0.99s, max=2.4s) (Lag: Av=0.99s, max=2.4s)} 1-0

[Event "Stay Safe Play From Home 406"]
[Site "Emanuel Lasker Arena"]
[Date "2020.08.24"]
[Round "2"]
[White "Lamborghini"]
[Black "Mepe_Nika"]
[Result "0-1"]
[WhiteElo "2257"]
[BlackElo "2381"]
[PlyCount "58"]
[EventDate "2020.08.24"]
[EventType "swiss (blitz)"]

1. e4 {[%emt 0:00:02]} c6 {[%emt 0:00:00]} 2. d4 {[%emt 0:00:01]} d5 {[%emt 0:00:00]} 3. Nc3 {[%emt 0:00:00]} dxe4 {[%emt 0:00:00]} 4. Nxe4 {[%emt 0:00:00]} Nf6 {[%emt 0:00:00]} 5. Nxf6+ {[%emt 0:00:00]} exf6 {[%emt 0:00:02]} 6. Bc4 {[%emt 0:00:01]} Na6 {[%emt 0:00:00]} 7. Qe2+ {[%emt 0:00:01]} Be7 {[%emt 0:00:02]} 8. Bf4 {[%emt 0:00:02]} O-O {[%emt 0:00:01]} 9. O-O-O {[%emt 0:00:01]} Nb4 {[%emt 0:00:02]} 10. h3 {[%emt 0:00:03]} b5 {[%emt 0:00:01]} 11. Bb3 {[%emt 0:00:02]} a5 {[%emt 0:00:01]} 12. c3 {[%emt 0:00:01]} a4 {[%emt 0:00:01]} 13. Bc2 {[%emt 0:00:04]} Nxa2+ {[%emt 0:00:05]} 14. Kb1 {[%emt 0:00:01]} Be6 {[%emt 0:00:01]} 15. d5 {[%emt 0:00:01]} Bxd5 {[%emt 0:00:02]} 16. Nf3 {[%emt 0:00:01]} Bd6 {[%emt 0:00:03]} 17. Rxd5 {[%emt 0:00:04]} cxd5 {[%emt 0:00:02]} 18. Bxd6 {[%emt 0:00:01]} Nxc3+ {[%emt 0:00:02]} 19. bxc3 {[%emt 0:00:01]} Qxd6 {[%emt 0:00:00]} 20. Qd3 {[%emt 0:00:01]} g6 {[%emt 0:00:02]} 21. h4 {[%emt 0:00:01]} Rfc8 {[%emt 0:00:02]} 22. Rd1 {[%emt 0:00:02]} Qa3 {[%emt 0:00:02]} 23. Qxd5 {[%emt 0:00:04]} Qxc3 {[%emt 0:00:04]} 24. Qd3 {[%emt 0:00:02]} Qb4+ {[%emt 0:00:02]} 25. Ka1 {[%emt 0:00:01]} Rc3 {[%emt 0:00:02]} 26. Qd5 {[%emt 0:00:03]} Ra3+ {[%emt 0:00:01]} 27. Qa2 {[%emt 0:00:01]} Qc3+ {[%emt 0:00:01]} 28. Kb1 {[%emt 0:00:02]} Rxa2 {[%emt 0:00:01]} 29. Rd8+ {[%emt 0:00:01]} Rxd8 {[%emt 0:00:01] Lamborghini gibt auf Lamborghini gibt auf Lamborghini gibt auf (Lag: Av=0.46s, max=1.0s) (Lag: Av=0.46s, max=1.0s) (Lag: Av=0.46s, max=1.0s)} 0-1

[Event "Stay Safe Play From Home 406"]
[Site "Emanuel Lasker Arena"]
[Date "2020.08.24"]
[Round "2"]
[White "Nguyen Hong Anh"]
[Black "Greblah"]
[Result "1-0"]
[WhiteElo "2250"]
[BlackElo "1872"]
[PlyCount "87"]
[EventDate "2020.08.24"]
[EventType "swiss (blitz)"]

1. d4 {[%emt 0:00:01]} c6 {[%emt 0:00:00]} 2. c4 {[%emt 0:00:01]} d5 {[%emt 0:00:00]} 3. Nf3 {[%emt 0:00:01]} Nf6 {[%emt 0:00:01]} 4. g3 {[%emt 0:00:00]} e6 {[%emt 0:00:01]} 5. Bg2 {[%emt 0:00:00]} Be7 {[%emt 0:00:00]} 6. O-O {[%emt 0:00:00]} O-O {[%emt 0:00:00]} 7. Qc2 {[%emt 0:00:00]} Nbd7 {[%emt 0:00:01]} 8. Nbd2 {[%emt 0:00:00]} a6 {[%emt 0:00:01]} 9. e4 {[%emt 0:00:00]} dxe4 {[%emt 0:00:01]} 10. Nxe4 {[%emt 0:00:00]} Nxe4 {[%emt 0:00:00]} 11. Qxe4 {[%emt 0:00:00]} Nf6 {[%emt 0:00:00]} 12. Qe2 {[%emt 0:00:00]} b5 {[%emt 0:00:01]} 13. Rd1 {[%emt 0:00:00]} Rb8 {[%emt 0:00:01]} 14. Ne5 {[%emt 0:00:01]} Bb7 {[%emt 0:00:01]} 15. Nxc6 {[%emt 0:00:00]} Bxc6 {[%emt 0:00:01]} 16. Bxc6 {[%emt 0:00:00]} Qb6 {[%emt 0:00:02]} 17. cxb5 {[%emt 0:00:01]} axb5 {[%emt 0:00:01]} 18. Bg2 {[%emt 0:00:00]} Nd5 {[%emt 0:00:03]} 19. Bxd5 {[%emt 0:00:01]} exd5 {[%emt 0:00:02]} 20. Qxe7 {[%emt 0:00:00]} Rfe8 {[%emt 0:00:01]} 21. Qg5 {[%emt 0:00:00]} f6 {[%emt 0:00:02]} 22. Qxd5+ {[%emt 0:00:01]} Kh8 {[%emt 0:00:00]} 23. Bf4 {[%emt 0:00:01]} Rbd8 {[%emt 0:00:01]} 24. Qf3 {[%emt 0:00:01]} Rxd4 {[%emt 0:00:01]} 25. Be3 {[%emt 0:00:01]} Rxd1+ {[%emt 0:00:02]} 26. Rxd1 {[%emt 0:00:00]} Qe6 {[%emt 0:00:01]} 27. Kg2 {[%emt 0:00:01]} Qxa2 {[%emt 0:00:01]} 28. Bd4 {[%emt 0:00:01]} b4 {[%emt 0:00:02]} 29. Rd3 {[%emt 0:00:01]} Qb1 {[%emt 0:00:01]} 30. Re3 {[%emt 0:00:01]} Rd8 {[%emt 0:00:02]} 31. Qd5 {[%emt 0:00:02]} Rf8 {[%emt 0:00:02]} 32. Bc5 {[%emt 0:00:01]} Rg8 {[%emt 0:00:02]} 33. b3 {[%emt 0:00:03]} h6 {[%emt 0:00:02]} 34. Bxb4 {[%emt 0:00:01]} Qg6 {[%emt 0:00:02]} 35. Bc3 {[%emt 0:00:01]} Rb8 {[%emt 0:00:02]} 36. h4 {[%emt 0:00:01]} Qg4 {[%emt 0:00:02]} 37. Rf3 {[%emt 0:00:01]} Re8 {[%emt 0:00:04]} 38. Qd6 {[%emt 0:00:01]} Re2 {[%emt 0:00:02]} 39. Bxf6 {[%emt 0:00:01]} Re6 {[%emt 0:00:02]} 40. Qf8+ {[%emt 0:00:02]} Kh7 {[%emt 0:00:01]} 41. Bxg7 {[%emt 0:00:00]} Qxg7 {[%emt 0:00:01]} 42. Qf5+ {[%emt 0:00:00]} Rg6 {[%emt 0:00:02]} 43. h5 {[%emt 0:00:01]} Kh8 {[%emt 0:00:03]} 44. hxg6 {[%emt 0:00:00] Zeit Zeit Zeit} 1-0

[Event "Stay Safe Play From Home 406"]
[Site "Emanuel Lasker Arena"]
[Date "2020.08.24"]
[Round "2"]
[White "Fat Kevin"]
[Black "IceQueen"]
[Result "0-1"]
[WhiteElo "2030"]
[BlackElo "2351"]
[PlyCount "52"]
[EventDate "2020.08.24"]
[EventType "swiss (blitz)"]

1. d4 {[%emt 0:00:01]} c5 {[%emt 0:00:00]} 2. c4 {[%emt 0:00:00]} cxd4 {[%emt 0:00:01]} 3. Qxd4 {[%emt 0:00:01]} Nc6 {[%emt 0:00:01]} 4. Qd1 {[%emt 0:00:01]} Nf6 {[%emt 0:00:00]} 5. Nc3 {[%emt 0:00:00]} e5 {[%emt 0:00:00]} 6. Nf3 {[%emt 0:00:00]} Bb4 {[%emt 0:00:00]} 7. Bd2 {[%emt 0:00:02]} O-O {[%emt 0:00:01]} 8. Qc2 {[%emt 0:00:02]} Nd4 {[%emt 0:00:02]} 9. Nxd4 {[%emt 0:00:04]} exd4 {[%emt 0:00:00]} 10. Ne4 {[%emt 0:00:02]} Nxe4 {[%emt 0:00:01]} 11. Bxb4 {[%emt 0:00:02]} Re8 {[%emt 0:00:00]} 12. f3 {[%emt 0:00:03]} Qh4+ {[%emt 0:00:03]} 13. g3 {[%emt 0:00:03]} Nxg3 {[%emt 0:00:01]} 14. hxg3 {[%emt 0:00:01]} Qxh1 {[%emt 0:00:00]} 15. O-O-O {[%emt 0:00:01]} Qh6+ {[%emt 0:00:01]} 16. Bd2 {[%emt 0:00:02]} Qg6 {[%emt 0:00:02]} 17. Qa4 {[%emt 0:00:02]} Qc6 {[%emt 0:00:05]} 18. Qb3 {[%emt 0:00:04]} d5 {[%emt 0:00:01]} 19. e4 {[%emt 0:00:02]} dxc4 {[%emt 0:00:01]} 20. Bxc4 {[%emt 0:00:01]} Be6 {[%emt 0:00:01]} 21. Bc3 {[%emt 0:00:05]} Bxc4 {[%emt 0:00:00]} 22. Rh1 {[%emt 0:00:00]} Bxb3 {[%emt 0:00:01]} 23. Rxh7 {[%emt 0:00:01]} dxc3 {[%emt 0:00:00] Fat Kevin bietet Remis Fat Kevin bietet Remis Fat Kevin bietet Remis} 24. bxc3 {[%emt 0:00:07]} Qxc3+ {[%emt 0:00:02]} 25. Kb1 {[%emt 0:00:01]} Qc2+ {[%emt 0:00:00]} 26. Ka1 {[%emt 0:00:00]} Qxa2# {[%emt 0:00:00] (Lag: Av=0.41s, max=0.8s) (Lag: Av=0.41s, max=0.8s) (Lag: Av=0.41s, max=0.8s)} 0-1

[Event "Stay Safe Play From Home 406"]
[Site "Emanuel Lasker Arena"]
[Date "2020.08.24"]
[Round "2"]
[White "theCHESSHOUSE"]
[Black "Trotsky"]
[Result "1-0"]
[WhiteElo "2025"]
[BlackElo "1581"]
[Annotator "NA"]
[PlyCount "61"]
[EventDate "2020.08.24"]
[EventType "swiss (blitz)"]

1. d4 {[%emt 0:00:02]} d5 {[%emt 0:00:01]} 2. c4 {[%emt 0:00:00]} e6 {[%emt 0:00:00]} 3. g3 {[%emt 0:00:01]} c5 {[%emt 0:00:01]} 4. Bg2 {[%emt 0:00:00]} Nc6 {[%emt 0:00:01]} 5. dxc5 {[%emt 0:00:01]} Bxc5 {[%emt 0:00:01]} 6. cxd5 {[%emt 0:00:00]} exd5 {[%emt 0:00:01]} 7. Nf3 {[%emt 0:00:02]} Be6 {[%emt 0:00:01]} 8. O-O {[%emt 0:00:01]} Qc7 {[%emt 0:00:01]} 9. Nc3 {[%emt 0:00:00]} a6 {[%emt 0:00:01]} 10. Bf4 {[%emt 0:00:00]} Bd6 {[%emt 0:00:02]} 11. Bxd6 {[%emt 0:00:01]} Qxd6 {[%emt 0:00:01]} 12. Rc1 {[%emt 0:00:00]} O-O-O {[%emt 0:00:01]} 13. Qa4 {[%emt 0:00:01]} Nf6 {[%emt 0:00:01]} 14. e3 {[%emt 0:00:01]} Ng4 {[%emt 0:00:01]} 15. h3 {[%emt 0:00:01]} h5 {[%emt 0:00:01]} 16. hxg4 {[%emt 0:00:02]} hxg4 {[%emt 0:00:01]} 17. Nd4 {[%emt 0:00:01]} Bd7 {[%emt 0:00:03]} 18. Nxd5 {[%emt 0:00:03]} Kb8 {[%emt 0:00:03]} 19. Nb6 {[%emt 0:00:02]} Nxd4 {[%emt 0:00:10]} 20. Qxd4 {[%emt 0:00:00]} Qxd4 {[%emt 0:00:04]} 21. exd4 {[%emt 0:00:01]} Be6 {[%emt 0:00:04]} 22. d5 {[%emt 0:00:01]} Bf5 {[%emt 0:00:02]} 23. Rfd1 {[%emt 0:00:03]} Ka7 {[%emt 0:00:02]} 24. Nc4 {[%emt 0:00:03]} Rh7 {[%emt 0:00:01]} 25. d6 {[%emt 0:00:01]} Rdh8 {[%emt 0:00:02]} 26. d7 {[%emt 0:00:03]} Bxd7 {[%emt 0:00:02]} 27. Rxd7 {[%emt 0:00:00]} f5 {[%emt 0:00:01]} 28. Nd6 {[%emt 0:00:01]} Kb6 {[%emt 0:00:01]} 29. Rxb7+ {[%emt 0:00:02]} Ka5 {[%emt 0:00:01]} 30. b3 {[%emt 0:00:03]} f4 {[%emt 0:00:01]} 31. Rc5# {[%emt 0:00:01] (Lag: Av=0.57s, max=1.3s) (Lag: Av=0.57s, max=1.3s) (Lag: Av=0.57s, max=1.3s)} 1-0

[Event "Stay Safe Play From Home 406"]
[Site "Emanuel Lasker Arena"]
[Date "2020.08.24"]
[Round "2"]
[White "Buzaglo"]
[Black "Klasman"]
[Result "1-0"]
[WhiteElo "1831"]
[BlackElo "1309"]
[Annotator "NA"]
[PlyCount "49"]
[EventDate "2020.08.24"]
[EventType "swiss (blitz)"]

1. d4 {[%emt 0:00:01]} f5 {[%emt 0:00:01]} 2. Nf3 {[%emt 0:00:00]} Nf6 {[%emt 0:00:01]} 3. g3 {[%emt 0:00:00]} e6 {[%emt 0:00:01]} 4. Bg2 {[%emt 0:00:00]} d5 {[%emt 0:00:01]} 5. O-O {[%emt 0:00:00]} c5 {[%emt 0:00:01]} 6. c4 {[%emt 0:00:04]} Nc6 {[%emt 0:00:02]} 7. cxd5 {[%emt 0:00:02]} exd5 {[%emt 0:00:02]} 8. e3 {[%emt 0:00:06]} Be7 {[%emt 0:00:01]} 9. Re1 {[%emt 0:00:01]} O-O {[%emt 0:00:01]} 10. Nc3 {[%emt 0:00:01]} Qb6 {[%emt 0:00:04]} 11. Ne5 {[%emt 0:00:02]} Nxe5 {[%emt 0:00:04]} 12. dxe5 {[%emt 0:00:00]} d4 {[%emt 0:00:08]} 13. exd4 {[%emt 0:00:04]} cxd4 {[%emt 0:00:02]} 14. exf6 {[%emt 0:00:02]} Bxf6 {[%emt 0:00:05]} 15. Nd5 {[%emt 0:00:02]} Qd6 {[%emt 0:00:04]} 16. Nxf6+ {[%emt 0:00:01]} Qxf6 {[%emt 0:00:02]} 17. Qb3+ {[%emt 0:00:04]} Kh8 {[%emt 0:00:04]} 18. h4 {[%emt 0:00:02]} a5 {[%emt 0:00:01]} 19. Bg5 {[%emt 0:00:01]} Qg6 {[%emt 0:00:03]} 20. Qd5 {[%emt 0:00:03]} h6 {[%emt 0:00:03]} 21. Bf4 {[%emt 0:00:02]} Ra6 {[%emt 0:00:04]} 22. Rac1 {[%emt 0:00:02]} Rb6 {[%emt 0:00:02]} 23. b3 {[%emt 0:00:02]} a4 {[%emt 0:00:01]} 24. Qxd4 {[%emt 0:00:03]} axb3 {[%emt 0:00:02]} 25. Qxb6 {[%emt 0:00:01] Time Time Time (Lag: Av=0.60s, max=1.0s) (Lag: Av=0.60s, max=1.0s) (Lag: Av=0.60s, max=1.0s)} 1-0

[Event "Stay Safe Play From Home 406"]
[Site "Emanuel Lasker Arena"]
[Date "2020.08.24"]
[Round "2"]
[White "Padmaesh M K"]
[Black "AgentsofShield"]
[Result "0-1"]
[WhiteElo "1813"]
[BlackElo "1930"]
[PlyCount "34"]
[EventDate "2020.08.24"]
[EventType "swiss (blitz)"]

1. e4 {[%emt 0:00:02]} c5 {[%emt 0:00:01]} 2. Nf3 {[%emt 0:00:01]} d6 {[%emt 0:00:01]} 3. d4 {[%emt 0:00:01]} cxd4 {[%emt 0:00:00]} 4. Nxd4 {[%emt 0:00:00]} Nf6 {[%emt 0:00:02]} 5. Nc3 {[%emt 0:00:00]} Nc6 {[%emt 0:00:01]} 6. Be2 {[%emt 0:00:01]} e5 {[%emt 0:00:02]} 7. Nb3 {[%emt 0:00:03]} Be7 {[%emt 0:00:06]} 8. Bg5 {[%emt 0:00:01]} a5 {[%emt 0:00:00]} 9. Bxf6 {[%emt 0:00:02]} Bxf6 {[%emt 0:00:00]} 10. Nd5 {[%emt 0:00:01]} Be6 {[%emt 0:00:02]} 11. c4 {[%emt 0:00:02]} a4 {[%emt 0:00:01]} 12. Nd2 {[%emt 0:00:01]} a3 {[%emt 0:00:01]} 13. b3 {[%emt 0:00:02]} Bxd5 {[%emt 0:00:01]} 14. cxd5 {[%emt 0:00:02]} Nd4 {[%emt 0:00:06]} 15. Nf3 {[%emt 0:00:03]} Qa5+ {[%emt 0:00:01]} 16. Qd2 {[%emt 0:00:04]} Nc2+ {[%emt 0:00:01]} 17. Kd1 {[%emt 0:00:02]} Nxa1 {[%emt 0:00:01] Padmaesh M K resigns Padmaesh M K resigns Padmaesh M K resigns (Lag: Av=0.71s, max=1.5s) (Lag: Av=0.71s, max=1.5s) (Lag: Av=0.71s, max=1.5s)} 0-1

[Event "Stay Safe Play From Home 406"]
[Site "Emanuel Lasker Arena"]
[Date "2020.08.24"]
[Round "2"]
[White "KING o KONG"]
[Black "AChessPlayer"]
[Result "0-1"]
[WhiteElo "946"]
[BlackElo "2450"]
[PlyCount "48"]
[EventDate "2020.08.24"]
[EventType "swiss (blitz)"]

1. d3 {[%emt 0:00:03]} c6 {[%emt 0:00:01]} 2. e3 {[%emt 0:00:01]} d5 {[%emt 0:00:00]} 3. Nh3 {[%emt 0:00:02]} Nf6 {[%emt 0:00:00]} 4. Bd2 {[%emt 0:00:01]} e5 {[%emt 0:00:00]} 5. Be2 {[%emt 0:00:01]} Bxh3 {[%emt 0:00:02]} 6. Bf3 {[%emt 0:00:04]} Bd6 {[%emt 0:00:00]} 7. gxh3 {[%emt 0:00:02]} Qe7 {[%emt 0:00:02]} 8. Qe2 {[%emt 0:00:01]} e4 {[%emt 0:00:01]} 9. Nc3 {[%emt 0:00:02]} exf3 {[%emt 0:00:01]} 10. Qxf3 {[%emt 0:00:02]} Nbd7 {[%emt 0:00:00]} 11. O-O-O {[%emt 0:00:02]} Ne5 {[%emt 0:00:00]} 12. Rhg1 {[%emt 0:00:01]} Nxf3 {[%emt 0:00:01]} 13. Rxg7 {[%emt 0:00:01]} Nxd2 {[%emt 0:00:00]} 14. Rxd2 {[%emt 0:00:02]} Bb4 {[%emt 0:00:01]} 15. a3 {[%emt 0:00:04]} Bxc3 {[%emt 0:00:01]} 16. bxc3 {[%emt 0:00:01]} Qxa3+ {[%emt 0:00:00]} 17. Kd1 {[%emt 0:00:02]} O-O-O {[%emt 0:00:02]} 18. Ke2 {[%emt 0:00:01]} Ne4 {[%emt 0:00:01]} 19. Rxf7 {[%emt 0:00:01]} Nxc3+ {[%emt 0:00:01]} 20. Kf3 {[%emt 0:00:02]} Rdf8 {[%emt 0:00:01]} 21. Rxf8+ {[%emt 0:00:01]} Qxf8+ {[%emt 0:00:00]} 22. Kg2 {[%emt 0:00:01]} Rg8+ {[%emt 0:00:00]} 23. Kf1 {[%emt 0:00:01]} Qf3 {[%emt 0:00:01]} 24. Ke1 {[%emt 0:00:01]} Qh1# {[%emt 0:00:01] Mate Mate Mate} 0-1

[Event "Stay Safe Play From Home 406"]
[Site "Emanuel Lasker Arena"]
[Date "2020.08.24"]
[Round "3"]
[White "AChessPlayer"]
[Black "Mepe_Nika"]
[Result "0-1"]
[WhiteElo "2450"]
[BlackElo "2393"]
[PlyCount "102"]
[EventDate "2020.08.24"]
[EventType "swiss (blitz)"]

1. Nf3 {[%emt 0:00:01]} Nf6 {[%emt 0:00:02]} 2. g3 {[%emt 0:00:00]} d5 {[%emt 0:00:00]} 3. Bg2 {[%emt 0:00:00]} c5 {[%emt 0:00:00]} 4. O-O {[%emt 0:00:00]} Nc6 {[%emt 0:00:00]} 5. c4 {[%emt 0:00:00]} d4 {[%emt 0:00:01]} 6. e3 {[%emt 0:00:01]} e5 {[%emt 0:00:00]} 7. exd4 {[%emt 0:00:00]} exd4 {[%emt 0:00:00]} 8. Re1+ {[%emt 0:00:01]} Be7 {[%emt 0:00:00]} 9. d3 {[%emt 0:00:00]} O-O {[%emt 0:00:01]} 10. Bf4 {[%emt 0:00:01]} Bg4 {[%emt 0:00:03]} 11. Nbd2 {[%emt 0:00:02]} Re8 {[%emt 0:00:02]} 12. h3 {[%emt 0:00:01]} Bf5 {[%emt 0:00:02]} 13. Ne4 {[%emt 0:00:02]} Nxe4 {[%emt 0:00:03]} 14. dxe4 {[%emt 0:00:00]} Be6 {[%emt 0:00:00]} 15. b3 {[%emt 0:00:02]} a6 {[%emt 0:00:01]} 16. Rf1 {[%emt 0:00:01]} b5 {[%emt 0:00:01]} 17. cxb5 {[%emt 0:00:02]} axb5 {[%emt 0:00:00]} 18. Ne1 {[%emt 0:00:00]} c4 {[%emt 0:00:01]} 19. Qd2 {[%emt 0:00:08]} d3 {[%emt 0:00:02]} 20. bxc4 {[%emt 0:00:01]} bxc4 {[%emt 0:00:02]} 21. Rc1 {[%emt 0:00:00]} Bb4 {[%emt 0:00:01]} 22. Qb2 {[%emt 0:00:02]} d2 {[%emt 0:00:03]} 23. Bxd2 {[%emt 0:00:02]} Qxd2 {[%emt 0:00:01]} 24. Rc2 {[%emt 0:00:03]} Qd4 {[%emt 0:00:03]} 25. Qc1 {[%emt 0:00:02]} Bxe1 {[%emt 0:00:02]} 26. Rxe1 {[%emt 0:00:01]} Nb4 {[%emt 0:00:02]} 27. Rd2 {[%emt 0:00:01]} Nd3 {[%emt 0:00:01]} 28. Red1 {[%emt 0:00:01]} Nxc1 {[%emt 0:00:02]} 29. Rxd4 {[%emt 0:00:02]} Nd3 {[%emt 0:00:00]} 30. Kf1 {[%emt 0:00:00]} Rxa2 {[%emt 0:00:01]} 31. e5 {[%emt 0:00:01]} Rxf2+ {[%emt 0:00:01]} 32. Kg1 {[%emt 0:00:00]} Re2 {[%emt 0:00:01]} 33. Bf1 {[%emt 0:00:01]} Rxe5 {[%emt 0:00:01]} 34. Bxd3 {[%emt 0:00:01]} cxd3 {[%emt 0:00:00]} 35. R4xd3 {[%emt 0:00:00]} Bxh3 {[%emt 0:00:00]} 36. Kh2 {[%emt 0:00:01]} Bg4 {[%emt 0:00:01]} 37. R1d2 {[%emt 0:00:01]} Re2+ {[%emt 0:00:01]} 38. Kg1 {[%emt 0:00:01]} Rxd2 {[%emt 0:00:01]} 39. Rxd2 {[%emt 0:00:00]} h5 {[%emt 0:00:00]} 40. Kf2 {[%emt 0:00:00]} g5 {[%emt 0:00:01]} 41. Rd6 {[%emt 0:00:01]} Kg7 {[%emt 0:00:01]} 42. Kf1 {[%emt 0:00:01]} f6 {[%emt 0:00:01]} 43. Kf2 {[%emt 0:00:00]} Kg6 {[%emt 0:00:00]} 44. Rb6 {[%emt 0:00:00]} Re2+ {[%emt 0:00:01]} 45. Kf1 {[%emt 0:00:01]} Re3 {[%emt 0:00:00]} 46. Rb4 {[%emt 0:00:01]} Rxg3 {[%emt 0:00:01]} 47. Kf2 {[%emt 0:00:01]} h4 {[%emt 0:00:01]} 48. Rb8 {[%emt 0:00:02]} Rf3+ {[%emt 0:00:01]} 49. Kg2 {[%emt 0:00:01]} h3+ {[%emt 0:00:00]} 50. Kh2 {[%emt 0:00:00]} Rf2+ {[%emt 0:00:01]} 51. Kg3 {[%emt 0:00:00]} Rg2# {[%emt 0:00:00] (Lag: Av=0.65s, max=1.6s) (Lag: Av=0.65s, max=1.6s) (Lag: Av=0.65s, max=1.6s)} 0-1

[Event "Stay Safe Play From Home 406"]
[Site "Emanuel Lasker Arena"]
[Date "2020.08.24"]
[Round "3"]
[White "IceQueen"]
[Black "Tran Minh Thang"]
[Result "0-1"]
[WhiteElo "2355"]
[BlackElo "2459"]
[PlyCount "120"]
[EventDate "2020.08.24"]
[EventType "swiss (blitz)"]

1. e4 {[%emt 0:00:01]} c5 {[%emt 0:00:01]} 2. Nc3 {[%emt 0:00:00]} e6 {[%emt 0:00:00]} 3. Nf3 {[%emt 0:00:00]} a6 {[%emt 0:00:00]} 4. a4 {[%emt 0:00:01]} Nc6 {[%emt 0:00:01]} 5. d4 {[%emt 0:00:00]} cxd4 {[%emt 0:00:00]} 6. Nxd4 {[%emt 0:00:00]} Bb4 {[%emt 0:00:00]} 7. Nxc6 {[%emt 0:00:03]} bxc6 {[%emt 0:00:01]} 8. Qd4 {[%emt 0:00:00]} Bf8 {[%emt 0:00:06]} 9. Bf4 {[%emt 0:00:03]} d5 {[%emt 0:00:02]} 10. O-O-O {[%emt 0:00:05]} Nf6 {[%emt 0:00:01]} 11. e5 {[%emt 0:00:02]} Nd7 {[%emt 0:00:01]} 12. Qe3 {[%emt 0:00:02]} c5 {[%emt 0:00:01]} 13. Qg3 {[%emt 0:00:01]} Qa5 {[%emt 0:00:02]} 14. Be2 {[%emt 0:00:02]} d4 {[%emt 0:00:01]} 15. Bf3 {[%emt 0:00:03]} Rb8 {[%emt 0:00:03]} 16. Nd5 {[%emt 0:00:01]} exd5 {[%emt 0:00:01]} 17. e6 {[%emt 0:00:00]} Rb4 {[%emt 0:00:19]} 18. exd7+ {[%emt 0:00:00]} Bxd7 {[%emt 0:00:00]} 19. Rhe1+ {[%emt 0:00:01]} Be6 {[%emt 0:00:01]} 20. Bxd5 {[%emt 0:00:02]} Qxa4 {[%emt 0:00:04]} 21. Bxe6 {[%emt 0:00:01]} fxe6 {[%emt 0:00:01]} 22. Rxe6+ {[%emt 0:00:02]} Kf7 {[%emt 0:00:00]} 23. Qf3 {[%emt 0:00:11]} Qa1+ {[%emt 0:00:03]} 24. Kd2 {[%emt 0:00:01]} Qxd1+ {[%emt 0:00:00]} 25. Kxd1 {[%emt 0:00:01]} Kxe6 {[%emt 0:00:00]} 26. Bd2 {[%emt 0:00:01]} Rxb2 {[%emt 0:00:01]} 27. Qc6+ {[%emt 0:00:01]} Bd6 {[%emt 0:00:01]} 28. Bf4 {[%emt 0:00:01]} Rd8 {[%emt 0:00:01]} 29. Qe4+ {[%emt 0:00:01]} Kd7 {[%emt 0:00:00]} 30. Qf5+ {[%emt 0:00:01]} Kc7 {[%emt 0:00:01]} 31. Bg5 {[%emt 0:00:01]} Rd7 {[%emt 0:00:01]} 32. Bc1 {[%emt 0:00:02]} Rb1 {[%emt 0:00:00]} 33. Qxh7 {[%emt 0:00:00]} Rb7 {[%emt 0:00:00]} 34. Qe4 {[%emt 0:00:01]} Rb8 {[%emt 0:00:01]} 35. Qd3 {[%emt 0:00:00]} Rbd8 {[%emt 0:00:00]} 36. g3 {[%emt 0:00:01]} Re8 {[%emt 0:00:00]} 37. Qxa6 {[%emt 0:00:00]} Be5 {[%emt 0:00:00]} 38. Qa5+ {[%emt 0:00:00]} Kd6 {[%emt 0:00:00]} 39. Bd2 {[%emt 0:00:00]} Ke6 {[%emt 0:00:00]} 40. Qa4 {[%emt 0:00:00]} Rd5 {[%emt 0:00:00]} 41. Qc4 {[%emt 0:00:00]} Bd6 {[%emt 0:00:00]} 42. f4 {[%emt 0:00:00]} Re7 {[%emt 0:00:00]} 43. f5+ {[%emt 0:00:00]} Kxf5 {[%emt 0:00:00]} 44. Qd3+ {[%emt 0:00:00]} Kf6 {[%emt 0:00:00]} 45. c4 {[%emt 0:00:01]} Rf5 {[%emt 0:00:00]} 46. Bf4 {[%emt 0:00:01]} Bxf4 {[%emt 0:00:01]} 47. gxf4 {[%emt 0:00:00]} Rxf4 {[%emt 0:00:00]} 48. Qd2 {[%emt 0:00:00]} Rfe4 {[%emt 0:00:00]} 49. Kc2 {[%emt 0:00:00]} Re2 {[%emt 0:00:01]} 50. Kc1 {[%emt 0:00:00]} Rxd2 {[%emt 0:00:00]} 51. Kxd2 {[%emt 0:00:00]} Re3 {[%emt 0:00:01]} 52. h3 {[%emt 0:00:00]} Ke5 {[%emt 0:00:00]} 53. h4 {[%emt 0:00:00]} Rh3 {[%emt 0:00:00]} 54. h5 {[%emt 0:00:00]} Rxh5 {[%emt 0:00:00]} 55. Kd3 {[%emt 0:00:00]} Rf5 {[%emt 0:00:00]} 56. Kd2 {[%emt 0:00:00]} g5 {[%emt 0:00:00]} 57. Kd3 {[%emt 0:00:00]} Rf3+ {[%emt 0:00:00]} 58. Kd2 {[%emt 0:00:00]} g4 {[%emt 0:00:00]} 59. Kd1 {[%emt 0:00:01]} Ke4 {[%emt 0:00:00]} 60. Kd2 {[%emt 0:00:00]} g3 {[%emt 0:00:00] IceQueen resigns IceQueen resigns (Lag: Av=0.78s, max=1.3s) (Lag: Av=0.78s, max=1.3s) IceQueen resigns (Lag: Av=0.78s, max=1.3s)} 0-1